Une traduction inédite d'Amiel la feuille tremble de Petőfi /

Elmentve itt :
Bibliográfiai részletek
Szerző: Bouvier Bernard
Dokumentumtípus: Cikk
Megjelent: 1923
Sorozat:Revue des études hongroises et finno-ougriennes 1
Kulcsszavak:Petőfi Sándor, Amiel Henri-Frédéric, Irodalomtudomány
Online Access:http://acta.bibl.u-szeged.hu/25235
LEADER 00695nab a2200181 i 4500
001 acta25235
005 20210720152504.0
008 161017s1923 hu o 0|| fre d
022 |a 1166-9667 
040 |a SZTE Egyetemi Kiadványok Repozitórium  |b hun 
041 |a fre 
100 1 |a Bouvier Bernard 
245 1 0 |a Une traduction inédite d'Amiel   |h [elektronikus dokumentum] :  |b la feuille tremble de Petőfi /  |c  Bouvier Bernard 
260 |c 1923 
300 |a 113-116 
490 0 |a Revue des études hongroises et finno-ougriennes  |v 1 
695 |a Petőfi Sándor, Amiel Henri-Frédéric, Irodalomtudomány 
856 4 0 |u http://acta.bibl.u-szeged.hu/25235/1/etudes_hongroises_001_113-116.pdf  |z Dokumentum-elérés